000 00509nam a2200157 a 4500
001 000022328
005 20200930011704.0
008 100927s1980 dr 001 0 spa d
040 _aDO-SdBNP
_bspa
_cBNPHU
100 1 _aFerreras, Ramón Alberto
_911298
245 1 0 _aCastillo con amor /
_cRamón Alberto Ferreras.
260 _aSanto Domingo :
_bEditora Impresmundo,
_c1980.
300 _a158 p. :
_bil., retrs. ;
_c19 cm.
500 _aIncluye datos biográficos del autor en la cotracubierta
049 _aBNPD
999 _c21826
_d21826